000 00616nam a2200229Ia 4500
003 BUBTL
008 151213s9999 xx 000 0 und d
020 _a81-7012-859-5
082 _a342.06/MAA
100 _aMassey, Dr. I. P.
_94071
245 _aAdministrative Law
_cDr. I. P. Massey
250 _a6th
260 _aNew Delhi
_bEastern Book Company
_cc2005
300 _a[Lxxxviii] , 548p . :
_b21cm.
500 _aIncludes Index
650 _aLaw
_94072
650 _aLaw
_94072
700 _aDr. I. P. Massey
_94073
856 _k0
_l0
_yDownload
942 _2ddc
_cBK
999 _c2452
_d2452